| 000 | 00774nam a22001937a 4500 | ||
|---|---|---|---|
| 005 | 20250822142838.0 | ||
| 010 | _aB-772961-977 BACEN25 | ||
| 020 |
_a9789391002947 _c395.00 |
||
| 035 | _aB-772961-977 | ||
| 037 | _bABS Books | ||
| 082 | _a657.3 | ||
| 100 |
_aGupta , Subhro Sen _984266 |
||
| 245 |
_aUnderstanding Basics of Statistics Using Excel / _cby Subhro Sen Gupta |
||
| 260 |
_aDelhi _bABS Books _c2025 |
||
| 270 |
_aB-21, Ved and Shiv Colony, Budh Vihar Phase-2, _bDelhi _e110086 |
||
| 300 |
_a94p.: _c23cm(Hb) |
||
| 942 |
_2ddc _cEN _h657.3 _mGUP |
||
| 999 |
_c209537 _d209537 |
||